Models of urban and regional systems in developing countries : some theories and their application in physical planning
Αποθηκεύτηκε σε:
| Κύριος συγγραφέας: | |
|---|---|
| Μορφή: | Βιβλίο |
| Γλώσσα: | English |
| Δημοσίευση: |
Oxford :
Pergamon ,
c1987
|
| Σειρά: | Urban and regional planning series ;
; 36 |
| Θέματα: | |
| Ετικέτες: |
Προσθήκη ετικέτας
Δεν υπάρχουν, Καταχωρήστε ετικέτα πρώτοι!
|
MARC
| LEADER | 00000nam a2200000 i 4500 | ||
|---|---|---|---|
| 001 | 1/66562 | ||
| 008 | 931021s eng d | ||
| 020 | |a 0-08-023000-8 | ||
| 035 | |a ΛΕΣΒΟΣb10001747 |l 10001747 | ||
| 040 | |a GR-MY-UA |b gre |e aacr | ||
| 041 | 0 | |a eng | |
| 082 | 0 | |a 307.76 | |
| 100 | 1 | |a Chadwick, George F. | |
| 245 | 1 | 0 | |a Models of urban and regional systems in developing countries : |b some theories and their application in physical planning / |c George Chadwick |
| 260 | |a Oxford : |b Pergamon , |c c1987 | ||
| 300 | |a 322 p. | ||
| 490 | 1 | |a Urban and regional planning series |v ; 36 | |
| 504 | |a Includes bibliographical references | ||
| 650 | 0 | 0 | |a Sociology, Urban. |
| 650 | 0 | 0 | |a City planning |z Developing countries. |
| 650 | 0 | 0 | |a Regional planning |z Developing countries. |
| 650 | 0 | 0 | |a Urban policy |z Developing countries. |
| 830 | 0 | |a Urban and regional planning series ; |v ; 36 | |
| 852 | |a INST |b LESVOS |e 19931021 |h 307.76 CHA |p 005100004665 |q 005100004665 |t BK |y 0 | ||
| 909 | |a Λ |b 018272 | ||